| 000 | 00907cam a2200193 a 4500 | ||
|---|---|---|---|
| 020 | _a0803109318 | ||
| 040 | _cDLC | ||
| 082 | 0 | 0 | _a628 AME 1986 A038 Or. |
| 245 | 0 | 0 |
_aHazardous and industrial solid waste testing and disposal : _bsixth volume / |
| 260 |
_aPhiladelphia, PA : _bAmerican Society for Testing and Materials, _cc1986. |
||
| 300 |
_a471 p. : _bill. ; _c24 cm. |
||
| 500 | _a"Papers presented at two symposia: the Third International Symposium on Industrial and Hazardous Waste presented at Alexandria, Egypt, 24-27 June 1985, and the Symposium on Environmental Test Method Development presented at Colorado Springs, CO, 8-9 May 1985"--3rd prelim. p. | ||
| 500 | _a"ASTM publication code number (PCN) 04-933000-16." | ||
| 650 | 0 | _aHazardous wastes | |
| 650 | 0 | _aFactory and trade waste | |
| 700 | 1 | _aLorenzen, Douglas. | |
| 710 | 2 | _aAmerican Society for Testing and Materials. | |
| 942 | _cEK | ||
| 999 |
_c11636 _d11636 |
||